Ten thoughts about time
| Main Author: | |
|---|---|
| Format: | Book |
| Published: |
London :
Constable ,
2003.
|
| Subjects: |
MARC
| LEADER | 00000cam a2200000 7i4500 | ||
|---|---|---|---|
| 001 | 0000003505 | ||
| 005 | 20060405.0 | ||
| 020 | 0 | 0 | |a 184529050x |
| 090 | 0 | 0 | |a 304.23 |b JON |
| 100 | 1 | 0 | |a Jo"nsson, Bodil. |
| 245 | 1 | 0 | |a Ten thoughts about time |c Bodil Johnsson ; translated by Anna Paterson. |
| 260 | 0 | 0 | |a London : |b Constable , |c 2003. |
| 300 | |a 159 p. ; |c 20 cm. | ||
| 650 | 0 | 0 | |a Time perception |
| 650 | 0 | 0 | |a Time |x Philosophy. |
| 999 | |a 0000006862 |b Monograph |c Open Shelf |e Default branch | ||